| 000 | 01429cam a2200277 i 4500 | ||
|---|---|---|---|
| 001 | 768714001 | ||
| 003 | CO-MdFUSB | ||
| 005 | 20231103113926.0 | ||
| 007 | ta | ||
| 008 | 231103t2007 ck ||||| |||| 00| 0 spa d | ||
| 020 | _a978-958-683-960-0 | ||
| 040 |
_bspa. _aCO-MdFUSB _cCO-MdFUSB _dCO-MdFUSBC _erda |
||
| 041 | _aspa | ||
| 082 | 0 | 4 | _aG 230.072 B1399m |
| 245 | 1 | 0 |
_aLos métodos en Teología / Gustavo Baena Bustamante... [et.al.] _c/ |
| 264 | 1 |
_aBogotá : Pontificia Universidad Javeriana _b Pontificia Universidad Javeriana, _c[2007] |
|
| 264 | 4 | _c©2007 | |
| 300 |
_a185 Pág. _c; |
||
| 336 |
_atexto _btxt _2rdacontent |
||
| 337 |
_2rdamedia _asin mediación _bn |
||
| 338 |
_2rdacarrier _avolumen _bnc |
||
| 505 | 0 | 0 | _a- Los métodos de la Teología en la Edad Medía (José Alfredo Noratto Gutiérrez) - Aproximación a las racionalidades especializadas y sus métodos en el quehacer teológico (Víctor Martínez Morales) - El método antropológico trascendental (Gustavo Baena) - Bernard Lonergan, un itinerario metodológico para la Teología (Darío Martínez) - La racionalidad hermenéutica en teología (José A. Noratto y Gabriel A. Suárez) - Teologías negativas en Occidente, aproximación a sus métodos (Darío Martínez) - El método de la teología de la liberación (Gabriel Suárez) |
| 650 | 0 |
_91260 _aTeología dogmática _xHistoria _yEdad Media, 600-1500 |
|
| 942 | _cBK | ||
| 945 | _aJohan1477 | ||
| 999 |
_c43557 _d43557 |
||